Finnish Political Parties - Statistics

General Stats
  • This quiz has been taken 58 times
  • The average score is 6 of 9
Answer Stats
Ideology Seats Answer % Correct
________ politics 15 Green
95%
Social Democracy 45 Social Democratic
86%
Liberal Conservatism 52 National Coalition
73%
National Conservatism Populism 46` Finns
70%
LiberalismSwedish interests 10 Swedish People's
68%
Nordic AgrarianismLiberalism 25 Centre
66%
Christian DemocracySocial Conservatism 5 Christian Democrats
66%
Economic Liberalism 1 Movement Now
57%
Democratic SocialismEco-Socialism 14 Left Alliance
45%
No matching quizzes found
Score Distribution
Percent of People with Each Score
Percentile by Number Answered
Your Score History
You have not taken this quiz